000
003030000a22001330004500
041
0
_a
SPA
082
0
4
_a
G 868.922 C2665e
100
1
_a
Cardenal, Ernesto
245
1
0
_a
En Cuba / Ernesto Cardenal
260
_a
Bogotá, Colombia : CĂrculo de Lectores
300
_a
382 Pag
001
11173
942
_c
BK
999
_c
40539
_d
40539